000 00654nam a22002177a 4500
005 20251108172511.0
008 250721s9999 xx 000 0 ara d
082 1 4 _a616.362أعص
100 1 _aأعصر، ماهر
245 1 0 _aفيروس الكبدي .. سي وحش يمكن ترويضه /
264 1 _aالقاهرة :
_bمؤسسة دار الشعب،
300 _a100ص
490 0 _aكتاب الشعب الطبي
650 1 7 _aالأمراض
650 1 7 _aأمراض الكبد
650 1 7 _aإلتهاب الكبد
650 1 7 _aالوقاية منالمرض
650 1 7 _aالفيروسات
942 _2ddc
_cBK
999 _c80972
_d80972